Angola: oil, broad-based growth, and equity (Record no. 34407)

MARC details
000 -LEADER
fixed length control field 00584nam a2200157 a 4500
008 - FIXED-LENGTH DATA ELEMENTS--GENERAL INFORMATION
fixed length control field 080226s2007 ||||||||||||||||| || u
050 ## - LIBRARY OF CONGRESS CALL NUMBER
Classification number IBRD(06)CS/2007/1
110 ## - MAIN ENTRY--CORPORATE NAME
Corporate name or jurisdiction name as entry element World Bank
245 10 - TITLE STATEMENT
Title Angola: oil, broad-based growth, and equity
260 ## - PUBLICATION, DISTRIBUTION, ETC.
Place of publication, distribution, etc. Washington, D.C
Name of publisher, distributor, etc. World Bank
Date of publication, distribution, etc. 2007
350 ## - PRICE (NR) (BK AM CF MU VM SE) [OBSOLETE]
Price 0.00
490 ## - SERIES STATEMENT
Series statement World Bank Country Study
650 ## - SUBJECT ADDED ENTRY--TOPICAL TERM
Topical term or geographic name entry element ECONOMIC GROWTH--ANGOLA
650 ## - SUBJECT ADDED ENTRY--TOPICAL TERM
Topical term or geographic name entry element OIL INDUSTRY--ANGOLA
995 ## - RECOMMENDATION 995 [LOCAL, UNIMARC FRANCE]
-- 0.00
-- CBU-MAIN LIBRARY (Kitwe)
-- 1
-- 0.00
-- 1
-- AVAILABLE
-- May 15, 2008
-- International Publications
Holdings
Withdrawn status Lost status Source of classification or shelving scheme Damaged status Not for loan Home library Current library Shelving location Date acquired Total Checkouts Full call number Barcode Date last seen Price effective from Koha item type
          CBU-MAIN LIBRARY, KITWE. CBU-MAIN LIBRARY, KITWE.   11/30/2022   IBRD(06)CS/2007/1 56279 11/30/2022 11/30/2022 MONOGRAPH